[Event "NED-chT 2223"]
[Site "Netherlands"]
[Date "2022.11.26"]
[Round "4.3"]
[White "Sekandar, Kambiz"]
[Black "Piceu, Tom"]
[Result "1-0"]
[WhiteElo "2228"]
[BlackElo "2330"]
[PlyCount "37"]
[EventDate "2022.09.17"]
[EventType "team-tourn"]
[EventRounds "9"]
[EventCountry "NED"]
[SourceTitle "CBM 213 Extra"]
[Source "ChessBase"]
[SourceDate "2023.05.31"]
[SourceVersion "1"]
[SourceVersionDate "2023.05.31"]
[SourceQuality "1"]
[WhiteTeam "Charlois Europoort"]
[BlackTeam "Sas van Gent"]
[WhiteTeamCountry "NED"]
[BlackTeamCountry "NED"]

1. e4 c5 2. c3 e6 3. d4 d5 4. e5 Nc6 5. Nf3 Qb6 6. a3 cxd4 7. cxd4 Nge7 8. b4 Nf5 9. Bb2 Be7 10. Bd3 0-0 11. 0-0 f6 12. Bxf5 exf5 13. Nc3 Qd8 14. Re1 Kh8 15. e6 Qd6 16. Nb5 Qb8 17. Nh4 g6 18. Qd2 a6 19. Nxg6+ 1-0

[Event "NED-chT 2122"]
[Site "Netherlands"]
[Date "2022.04.02"]
[Round "8.8"]
[White "Lammens, Tim"]
[Black "Sekandar, Kambiz"]
[Result "1/2-1/2"]
[WhiteElo "2241"]
[BlackElo "2165"]
[PlyCount "162"]
[EventDate "2021.09.18"]
[EventType "team-tourn"]
[EventRounds "9"]
[EventCountry "NED"]
[SourceTitle "EXT 2024"]
[Source "ChessBase"]
[SourceDate "2023.10.10"]
[SourceVersion "1"]
[SourceVersionDate "2023.10.10"]
[SourceQuality "1"]
[WhiteTeam "Apeldoorn Amevo"]
[BlackTeam "Charlois Europoort"]
[WhiteTeamCountry "NED"]
[BlackTeamCountry "NED"]

1. Nf3 Nf6 2. g3 e6 3. Bg2 Be7 4. c4 d5 5. d4 0-0 6. Nc3 c6 7. 0-0 Nbd7 8. b3 b6 9. Qd3 Ba6 10. e4 c5 11. exd5 exd5 12. Nb5 Bxb5 13. cxb5 cxd4 14. Nxd4 Nc5 15. Qf5 Qc8 16. Bb2 Nce4 17. Nc6 Bc5 18. Qxc8 Rfxc8 19. b4 Bf8 20. Rfd1 a6 21. Bh3 Re8 22. bxa6 Rxa6 23. Bf1 Raa8 24. Bd4 Rec8 25. Rdc1 Nd2 26. Bxb6 Nc4 27. Rxc4 dxc4 28. b5 c3 29. a4 c2 30. a5 Ba3 31. Be3 Bb2 32. Re1 Re8 33. b6 Nd5 34. b7 Nxe3 35. bxa8Q Rxa8 36. fxe3 Kf8 37. a6 c1Q 38. Rxc1 Bxc1 39. Kf2 Re8 40. e4 Rxe4 41. Bb5 Re8 42. a7 Be3+ 43. Kf3 Bb6 44. Ne5 Bxa7 45. Bxe8 Kxe8 46. h3 Bb8 47. Nc6 Bd6 48. g4 Kd7 49. Na5 Ke6 50. Ke4 Kf6 51. Nc4 Bc7 52. Nd2 Bb6 53. Nc4 Ba7 54. Ne5 Ke6 55. Nf3 h6 56. Kf4 Bf2 57. Ke4 Bg3 58. Nd4+ Kf6 59. Nf3 g6 60. Nd4 Bf2 61. Nf3 Ke6 62. Nd2 Bg3 63. Nf3 f5+ 64. gxf5+ gxf5+ 65. Ke3 Kd5 66. Kd3 Bf2 67. Ke2 Bd4 68. Kd3 Bf6 69. Ke3 Bg5+ 70. Kd3 Bc1 71. Ke2 Ke4 72. Kf2 Bg5 73. Kg2 Ke3 74. Ne5 Bf6 75. Nf3 Ke2 76. Ng1+ Ke3 77. Nf3 f4 78. Ng1 Bh4 79. Nf3 Bg3 80. Ne5 Ke2 81. Nf3 Ke3 1/2-1/2

[Event "NED-chT 2122"]
[Site "Netherlands"]
[Date "2021.11.06"]
[Round "3.7"]
[White "Sekandar, Kambiz"]
[Black "Piceu, Tom"]
[Result "1/2-1/2"]
[WhiteElo "2165"]
[BlackElo "2355"]
[PlyCount "88"]
[EventDate "2021.09.18"]
[EventType "team-tourn"]
[EventRounds "9"]
[EventCountry "NED"]
[SourceTitle "EXT 2023"]
[Source "ChessBase"]
[SourceDate "2022.10.05"]
[SourceVersion "1"]
[SourceVersionDate "2022.10.05"]
[SourceQuality "1"]
[WhiteTeam "Charlois Europoort"]
[BlackTeam "Sas van Gent"]
[WhiteTeamCountry "NED"]
[BlackTeamCountry "NED"]

1. e4 c5 2. c3 e6 3. d4 d5 4. e5 Nc6 5. Nf3 Qb6 6. a3 c4 7. Nbd2 f6 8. Be2 fxe5 9. Nxe5 Nxe5 10. dxe5 Bc5 11. 0-0 Ne7 12. b4 cxb3 13. Nxb3 0-0 14. Nxc5 Qxc5 15. Qd4 Qxd4 16. cxd4 Bd7 17. Rb1 b6 18. Be3 Rac8 19. Rfc1 Rxc1+ 20. Rxc1 Rc8 21. Rxc8+ Bxc8 22. g4 Bd7 23. f4 Ba4 24. Bd3 Bd1 25. h3 h5 26. g5 Bf3 27. Bd2 Be4 28. Bb5 Nf5 29. Bc3 Kf7 30. Kf2 Ke7 31. Ba6 Kd7 32. Bb5+ Kd8 33. Ba4 a6 34. Bc6 Ne7 35. Ba4 g6 36. Bd1 Kc7 37. Be2 Kb7 38. Bf1 Nc6 39. h4 Bf5 40. Ke3 b5 41. Bb4 Nb8 42. Kd2 Nc6 43. Kc3 Nxb4 44. axb4 Kb6 1/2-1/2

[Event "NED-chT 1920"]
[Site "Netherlands"]
[Date "2020.02.01"]
[Round "5.9"]
[White "Sekandar, Kambiz"]
[Black "Van der Stricht, Geert"]
[Result "0-1"]
[WhiteElo "2168"]
[BlackElo "2373"]
[PlyCount "102"]
[EventDate "2019.09.28"]
[EventType "team-tourn"]
[EventRounds "9"]
[EventCountry "NED"]
[SourceTitle "CBM 195 Extra"]
[Source "ChessBase"]
[SourceDate "2020.05.31"]
[SourceVersion "1"]
[SourceVersionDate "2020.05.31"]
[SourceQuality "1"]
[WhiteTeam "Charlois Europoort"]
[BlackTeam "Den Bosch HMC"]
[WhiteTeamCountry "NED"]
[BlackTeamCountry "NED"]

1. e4 c5 2. c3 Nf6 3. e5 Nd5 4. Nf3 e6 5. d4 cxd4 6. cxd4 b6 7. Nc3 Nxc3 8. bxc3 Qc7 9. Bd2 Bb7 10. Bd3 d6 11. 0-0 Nd7 12. Ng5 dxe5 13. Qh5 g6 14. Qh3 Be7 15. Qh6 Bf8 16. Qh3 Be7 17. Rae1 Rd8 18. c4 Qd6 19. Bxg6 fxg6 20. Nxe6 Rc8 21. f4 e4 22. f5 Bf6 23. Bf4 Qe7 24. Rc1 Rg8 25. Rfe1 gxf5 26. Qxf5 Qf7 27. g3 Nf8 28. d5 Nxe6 29. Qxe4 Be7 30. dxe6 Bc5+ 31. Kf1 Qg7 32. Qe2 Qd4 33. Qh5+ Rg6 34. Re3 Qf6 35. Re5 Rd8 36. Qxh7 Qg7 37. Qh5 Rd3 38. Rd1 Bf3 39. Rxd3 Bxh5 40. Rxh5 Rxe6 41. Rhd5 Qa1+ 42. Kg2 Qxa2+ 43. Kh3 Qxc4 44. Rd8+ Kf7 45. Bg5 Kg6 46. Bh4 a5 47. Rf3 Be3 48. Rg8+ Kh7 49. Rg4 Re4 50. Rf7+ Qxf7 51. Rxe4 Qf5+ 0-1

[Event "Utrecht OKU op 45th"]
[Site "Utrecht"]
[Date "2018.06.03"]
[Round "5"]
[White "Grooten, Herman"]
[Black "Sekandar, Kambiz"]
[Result "1-0"]
[WhiteElo "2384"]
[BlackElo "2200"]
[PlyCount "65"]
[EventDate "2018.06.01"]
[EventType "swiss"]
[EventRounds "6"]
[EventCountry "NED"]
[SourceTitle "CBM 184 Extra"]
[Source "ChessBase"]
[SourceDate "2018.06.28"]
[SourceVersion "1"]
[SourceVersionDate "2018.06.28"]
[SourceQuality "1"]

1. d4 Nf6 2. c4 e6 3. Nf3 d5 4. Nc3 c6 5. g3 Bd6 6. Bg2 0-0 7. 0-0 Nbd7 8. b3 b6 9. Nd2 Bb7 10. e4 e5 11. exd5 cxd5 12. Nxd5 Nxd5 13. Bb2 exd4 14. cxd5 Bc5 15. Ne4 Ba6 16. Re1 f5 17. Nxc5 bxc5 18. Re6 Rf6 19. Qc2 Rc8 20. Rae1 Nf8 21. Re7 Qb6 22. Qd2 f4 23. b4 Rb8 24. a3 f3 25. Bh3 Be2 26. Rc1 Rh6 27. Rxc5 Rb7 28. Rxb7 Qxb7 29. Bc8 Qe7 30. Qxd4 Rg6 31. Qe5 Qh4 32. Rc7 Qh6 33. Qe7 1-0

[Event "Utrecht OKU op 45th"]
[Site "Utrecht"]
[Date "2018.06.03"]
[Round "6"]
[White "Sekandar, Kambiz"]
[Black "Tromp, Pieter"]
[Result "1-0"]
[WhiteElo "2200"]
[BlackElo "2102"]
[PlyCount "79"]
[EventDate "2018.06.01"]
[EventType "swiss"]
[EventRounds "6"]
[EventCountry "NED"]
[SourceTitle "EXT 2019"]
[Source "ChessBase"]
[SourceDate "2018.10.10"]
[SourceVersion "1"]
[SourceVersionDate "2018.10.10"]
[SourceQuality "1"]

1. e4 d5 2. exd5 Nf6 3. Bb5+ Nbd7 4. d4 Nxd5 5. Nf3 c6 6. Bd3 Qc7 7. 0-0 N7f6 8. h3 Nf4 9. Bc4 N6d5 10. Ne5 e6 11. Re1 Bd6 12. Nd2 0-0 13. Ndf3 b5 14. Bf1 Bb7 15. Bxf4 Nxf4 16. Qd2 Nd5 17. c3 a5 18. a4 b4 19. c4 Bxe5 20. dxe5 Ne7 21. Qd6 Rfc8 22. Qc5 Nf5 23. Rad1 Ba6 24. g4 Qe7 25. Qxe7 Nxe7 26. Rd7 Kf8 27. Ng5 Ke8 28. Rd6 h6 29. Ne4 c5 30. Rb6 Rc7 31. Nd6+ Kf8 32. Bg2 Raa7 33. Rb8+ Nc8 34. Nb5 Ke7 35. Nxc7 Rxc7 36. b3 Ra7 37. Rd1 f6 38. f4 fxe5 39. fxe5 g5 40. Rf1 1-0

[Event "Utrecht OKU op 44th"]
[Site "Utrecht"]
[Date "2017.06.11"]
[Round "6"]
[White "Schoehuys, Erik"]
[Black "Sekandar, Kambiz"]
[Result "1-0"]
[WhiteElo "2115"]
[BlackElo "2174"]
[PlyCount "65"]
[EventDate "2017.06.09"]
[EventType "swiss"]
[EventRounds "6"]
[EventCountry "NED"]
[SourceTitle "CBM 178 Extra"]
[Source "ChessBase"]
[SourceDate "2017.06.22"]
[SourceVersion "1"]
[SourceVersionDate "2017.06.22"]
[SourceQuality "1"]

1. d4 Nf6 2. c4 e6 3. Nc3 Bb4 4. Qc2 0-0 5. Nf3 c5 6. dxc5 Bxc5 7. Bf4 Nc6 8. e3 h6 9. Rd1 Qe7 10. h3 d5 11. Bg3 a6 12. cxd5 Nb4 13. Qb1 Nbxd5 14. Nxd5 Nxd5 15. a3 b5 16. e4 Bxa3 17. exd5 Bb4+ 18. Nd2 exd5+ 19. Be2 Re8 20. 0-0 Qf6 21. Bd3 Bb7 22. Nf3 Rad8 23. Nd4 Bc5 24. Nf5 Bb4 25. Bh4 g5 26. Bg3 Bc8 27. Bc7 Rd7 28. Bg3 Rdd8 29. Qc2 Bd7 30. Qb3 a5 31. Nd4 Qb6 32. Bb1 Bf8 33. Qc2 1-0

[Event "Leiden Noteboom Memorial 77th"]
[Site "Leiden"]
[Date "2017.02.25"]
[Round "2"]
[White "Sekandar, Kambiz"]
[Black "Pijpers, Arthur"]
[Result "0-1"]
[WhiteElo "2186"]
[BlackElo "2445"]
[PlyCount "52"]
[EventDate "2017.02.24"]
[EventType "swiss"]
[EventRounds "6"]
[EventCountry "NED"]
[SourceTitle "CBM 177 Extra"]
[Source "ChessBase"]
[SourceDate "2017.04.27"]
[SourceVersion "1"]
[SourceVersionDate "2017.04.27"]
[SourceQuality "1"]

1. e4 e6 2. d4 d5 3. exd5 exd5 4. Bf4 Bd6 5. Qd2 Nf6 6. Bd3 0-0 7. Ne2 Ne4 8. Bxe4 dxe4 9. c4 Bxf4 10. Nxf4 Nc6 11. Nd5 b5 12. Nbc3 bxc4 13. 0-0 Be6 14. Nf4 Qxd4 15. Qxd4 Nxd4 16. Rfd1 Rfd8 17. Nxe4 Bf5 18. Nc3 c6 19. Ncd5 cxd5 20. Rxd4 Rab8 21. Nxd5 Be6 22. Rad1 Rxd5 23. Rxd5 Bxd5 24. Rxd5 c3 25. Rd1 cxb2 26. Rb1 Rc8 0-1

[Event "Vlissingen HZ op 20th"]
[Site "Vlissingen"]
[Date "2016.08.13"]
[Round "9"]
[White "Sekandar, Kambiz"]
[Black "Rosen, Eric S"]
[Result "1/2-1/2"]
[WhiteElo "2129"]
[BlackElo "2385"]
[PlyCount "126"]
[EventDate "2016.08.06"]
[EventType "swiss"]
[EventRounds "9"]
[EventCountry "NED"]
[SourceTitle "CBM 173 Extra"]
[Source "ChessBase"]
[SourceDate "2016.08.29"]
[SourceVersion "1"]
[SourceVersionDate "2016.08.29"]
[SourceQuality "1"]

1. e4 c5 2. c3 d5 3. exd5 Qxd5 4. d4 Nf6 5. Nf3 e6 6. Bd3 Be7 7. 0-0 0-0 8. Qe2 Nc6 9. Rd1 cxd4 10. Nxd4 Nxd4 11. cxd4 b6 12. Nc3 Qd7 13. Bb5 Qd6 14. Qf3 Bd7 15. Bf4 Qb4 16. a3 Qb3 17. Bd3 Rac8 18. Rd2 Bc6 19. Qh3 Bb7 20. d5 exd5 21. Bg5 h6 22. Nb5 Qa4 23. Bxf6 Bxf6 24. Qf5 Rfd8 25. Qh7+ Kf8 26. Qh8+ Ke7 27. Re2+ Kd7 28. Qh7 Re8 29. Bf5+ Re6 30. Bxe6+ fxe6 31. Nc3 Qg4 32. h3 Qf5 33. Qxf5 exf5 34. Na2 a5 35. Rd1 d4 36. Nc1 Ba6 37. Red2 Ke6 38. Ne2 Bxe2 39. Rxe2+ Kd5 40. Red2 b5 41. Kf1 Re8 42. Rc2 a4 43. Rd3 Rb8 44. b4 axb3 45. Rxb3 Be7 46. Ke2 Bc5 47. Kd3 Kc6 48. Rcb2 g5 49. g4 fxg4 50. hxg4 Rf8 51. Rxb5 Bxa3 52. Rb6+ Kd5 53. Ra2 Bc5 54. Rxh6 Rf3+ 55. Ke2 Rf4 56. Ra5 d3+ 57. Kxd3 Rf3+ 58. Ke2 Rxf2+ 59. Ke1 Rf4 60. Rh8 Rxg4 61. Rd8+ Kc4 62. Rc8 Re4+ 63. Kf1 Re5 1/2-1/2

[Event "Vlissingen HZ op 20th"]
[Site "Vlissingen"]
[Date "2016.08.08"]
[Round "4"]
[White "Sekandar, Kambiz"]
[Black "Hamblok, Roel"]
[Result "1-0"]
[WhiteElo "2129"]
[BlackElo "2308"]
[PlyCount "105"]
[EventDate "2016.08.06"]
[EventType "swiss"]
[EventRounds "9"]
[EventCountry "NED"]
[SourceTitle "CBM 173 Extra"]
[Source "ChessBase"]
[SourceDate "2016.08.29"]
[SourceVersion "1"]
[SourceVersionDate "2016.08.29"]
[SourceQuality "1"]

1. e4 c6 2. d4 d5 3. Nc3 dxe4 4. Nxe4 Bf5 5. Ng3 Bg6 6. h4 h6 7. Nf3 Nd7 8. h5 Bh7 9. Bd3 Bxd3 10. Qxd3 e6 11. Bd2 Ngf6 12. 0-0-0 Be7 13. Ne4 Qb6 14. Ne5 Rd8 15. Nxf6+ Bxf6 16. Nc4 Qxd4 17. Qxd4 Bxd4 18. Bb4 c5 19. Rxd4 cxb4 20. Nd6+ Ke7 21. Nxb7 Rb8 22. Na5 Rhc8 23. g4 Nf6 24. Rhd1 Rc5 25. Nc4 Nd5 26. b3 Rb7 27. R1d2 Rbc7 28. a4 bxa3 29. Nxa3 a6 30. Kb2 Rb7 31. c4 Nb4 32. Rd8 Nc6 33. Rc8 Na5 34. Rxc5 Nxb3 35. Rc7+ Rxc7 36. Kxb3 g6 37. hxg6 fxg6 38. f4 Kf6 39. Rh2 h5 40. gxh5 Rh7 41. h6 Kf5 42. Rh4 Ke4 43. Nc2 Kf3 44. Nd4+ Kg3 45. Rh1 Kxf4 46. Nxe6+ Kf5 47. Nf8 Rh8 48. h7 g5 49. c5 Kf6 50. c6 Kg7 51. c7 Rxf8 52. h8Q+ Rxh8 53. Rxh8 1-0

[Event "Utrecht OKU op 43rd"]
[Site "Utrecht"]
[Date "2016.06.04"]
[Round "4"]
[White "Sekandar, Kambiz"]
[Black "Van de Fliert, Willem"]
[Result "1/2-1/2"]
[WhiteElo "2129"]
[BlackElo "2165"]
[PlyCount "56"]
[EventDate "2016.06.03"]
[EventType "swiss"]
[EventRounds "6"]
[EventCountry "NED"]
[SourceTitle "CBM 172 Extra"]
[Source "ChessBase"]
[SourceDate "2016.06.21"]
[SourceVersion "1"]
[SourceVersionDate "2016.06.21"]
[SourceQuality "1"]

1. e4 c5 2. c3 e6 3. d4 cxd4 4. cxd4 d5 5. e5 Nc6 6. Nf3 Nge7 7. a3 Nf5 8. b4 Bd7 9. Bb2 b5 10. Bd3 a5 11. bxa5 Qxa5+ 12. Bc3 Qb6 13. Bxf5 exf5 14. 0-0 Be7 15. Nbd2 0-0 16. Qb3 Rfb8 17. Rfb1 Ra4 18. Nf1 Be6 19. Ne3 Qd8 20. Nc2 f4 21. Bb4 Nxb4 22. axb4 Rba8 23. Nfe1 Bf5 24. Rc1 g5 25. Rab1 Rc8 26. Ra1 Rca8 27. Qc3 Rc8 28. Qb3 Rca8 1/2-1/2

[Event "Vlissingen HZ op 19th"]
[Site "Vlissingen"]
[Date "2015.08.05"]
[Round "6"]
[White "Sekandar, Kambiz"]
[Black "Delaere, Koen"]
[Result "1-0"]
[WhiteElo "2130"]
[BlackElo "1924"]
[PlyCount "71"]
[EventDate "2015.08.01"]
[EventType "swiss"]
[EventRounds "9"]
[EventCountry "NED"]
[SourceTitle "CBM 167 Extra"]
[Source "ChessBase"]
[SourceDate "2015.09.14"]
[SourceVersion "1"]
[SourceVersionDate "2015.09.14"]
[SourceQuality "1"]

1. e4 c5 2. c3 Nf6 3. e5 Nd5 4. Nf3 e6 5. d4 cxd4 6. cxd4 d6 7. Bc4 Nc6 8. 0-0 Be7 9. Qe2 Nb6 10. Bb3 0-0 11. Nc3 a6 12. Bf4 d5 13. Rac1 Bd7 14. Bc2 Re8 15. a3 Nc4 16. Bb1 Qb6 17. Qd3 g6 18. Bh6 Nxb2 19. Qe3 Nc4 20. Qf4 Rec8 21. Ne2 Qd8 22. Ng3 Nxa3 23. Nh5 Nxb1 24. Rxb1 b5 25. Ng5 Be8 26. Nxh7 Kxh7 27. Nf6+ Bxf6 28. exf6 Nxd4 29. Qxd4 Rc4 30. Qe5 Kxh6 31. f4 Qb6+ 32. Kh1 Qd4 33. Qg5+ Kh7 34. Rbd1 Rc1 35. Rxc1 Qb2 36. Rb1 1-0

[Event "Utrecht OKU op 42nd"]
[Site "Utrecht"]
[Date "2015.06.06"]
[Round "2"]
[White "Lalic, Bogdan"]
[Black "Sekandar, Kambiz"]
[Result "1/2-1/2"]
[WhiteElo "2483"]
[BlackElo "2130"]
[PlyCount "93"]
[EventDate "2015.06.05"]
[EventType "swiss"]
[EventRounds "6"]
[EventCountry "NED"]
[SourceTitle "CBM 166 Extra"]
[Source "ChessBase"]
[SourceDate "2015.06.18"]
[SourceVersion "1"]
[SourceVersionDate "2015.06.18"]
[SourceQuality "1"]

1. c4 Nf6 2. Nc3 e6 3. e4 d5 4. e5 d4 5. exf6 dxc3 6. bxc3 Qxf6 7. d4 e5 8. Nf3 exd4 9. Bg5 Qe6+ 10. Be2 h6 11. Nxd4 Qd7 12. Be3 Bd6 13. Qc2 0-0 14. Rd1 Nc6 15. 0-0 Rd8 16. c5 Be7 17. Nb5 Qf5 18. Qxf5 Bxf5 19. Nxc7 Rac8 20. Nd5 Bf8 21. Rd2 Rd7 22. Rfd1 Rcd8 23. c4 Be6 24. h3 Ne7 25. Nxe7+ Bxe7 26. Rxd7 Rxd7 27. Rxd7 Bxd7 28. c6 Bxc6 29. Bxa7 Bb4 30. Bd4 Be4 31. Bd1 f6 32. f3 Bd3 33. Bb3 Kf7 34. c5+ Ke7 35. Bd5 Ba6 36. Kf2 Kd7 37. g4 Bd2 38. h4 Kc7 39. Be3 Bb4 40. h5 Bb5 41. f4 Bc6 42. Bb3 Be4 43. g5 Kc6 44. Ba4+ Kd5 45. Bb3+ Kc6 46. Ba4+ Kd5 47. Bb3+ 1/2-1/2

[Event "Vlissingen HZ op 18th"]
[Site "Vlissingen"]
[Date "2014.08.08"]
[Round "8"]
[White "Westerweele, Henrik"]
[Black "Sekandar, Kambiz"]
[Result "1/2-1/2"]
[WhiteElo "1960"]
[BlackElo "2093"]
[PlyCount "41"]
[EventDate "2014.08.02"]
[EventType "swiss"]
[EventRounds "9"]
[EventCountry "NED"]
[SourceTitle "CBM 161 Extra"]
[Source "ChessBase"]
[SourceDate "2014.08.29"]
[SourceVersion "1"]
[SourceVersionDate "2014.08.29"]
[SourceQuality "1"]

1. e4 c6 2. d4 d5 3. exd5 cxd5 4. c4 Nf6 5. Nc3 Nc6 6. Bg5 dxc4 7. Bxc4 h6 8. Bh4 Qxd4 9. Qxd4 Nxd4 10. 0-0-0 e5 11. Nf3 Nxf3 12. Bxf6 gxf6 13. Bb5+ Ke7 14. Nd5+ Kd8 15. gxf3 Bd6 16. Nxf6 Ke7 17. Nd5+ Kf8 18. Nf6 Ke7 19. Nd5+ Kf8 20. Nf6 Ke7 21. Nd5+ 1/2-1/2

[Event "Maastricht Limburg op-A 8th"]
[Site "Maastricht"]
[Date "2014.06.07"]
[Round "2"]
[White "Clemens, Adrian HP"]
[Black "Sekandar, Kambiz"]
[Result "1/2-1/2"]
[WhiteElo "2188"]
[BlackElo "2100"]
[PlyCount "86"]
[EventDate "2014.06.06"]
[EventType "swiss"]
[EventRounds "7"]
[EventCountry "NED"]
[SourceTitle "CBM 160 Extra"]
[Source "ChessBase"]
[SourceDate "2014.07.01"]
[SourceVersion "1"]
[SourceVersionDate "2014.07.01"]
[SourceQuality "1"]

1. d4 Nf6 2. c4 e6 3. Nc3 Bb4 4. e3 0-0 5. Bd3 c5 6. Nf3 d5 7. 0-0 cxd4 8. exd4 dxc4 9. Bxc4 b6 10. Bg5 Bb7 11. Qe2 Bxc3 12. bxc3 Nbd7 13. Bh4 Qc7 14. Bg3 Bxf3 15. gxf3 Qc6 16. Rac1 Rfe8 17. Rfd1 Rad8 18. Bb5 Qd5 19. c4 Qh5 20. c5 a6 21. Bxd7 Rxd7 22. c6 Ra7 23. c7 Rc8 24. Rc6 Qg6 25. Rxe6 Raxc7 26. Rxb6 a5 27. d5 h5 28. h4 Rc2 29. Qa6 Qf5 30. d6 R8c3 31. Rb3 Qxf3 32. Qf1 Qg4 33. Rxc3 Rxc3 34. Rd3 Rc8 35. Qd1 Qe6 36. a3 Rd8 37. Re3 Qc4 38. Qd3 Qc6 39. Qc3 Qxc3 40. Rxc3 Ne4 41. Rd3 Nxg3 42. fxg3 g6 43. Rd5 Kg7 1/2-1/2

[Event "NED-ch U21"]
[Site "Rotterdam"]
[Date "2014.05.04"]
[Round "9"]
[White "Lai, Hing Ting"]
[Black "Sekandar, Kambiz"]
[Result "0-1"]
[WhiteElo "2176"]
[BlackElo "2095"]
[PlyCount "44"]
[EventDate "2014.04.26"]
[EventType "swiss"]
[EventRounds "9"]
[EventCountry "NED"]
[SourceTitle "EXT 2016"]
[Source "ChessBase"]
[SourceDate "2015.10.08"]
[SourceVersion "1"]
[SourceVersionDate "2015.10.08"]
[SourceQuality "1"]

1. c4 Nf6 2. Nc3 c6 3. d4 d5 4. Nf3 e6 5. e3 Nbd7 6. Qc2 Bd6 7. b3 0-0 8. Bb2 e5 9. cxd5 cxd5 10. dxe5 Nxe5 11. Be2 Bg4 12. Nd4 Rc8 13. a3 Ne4 14. h3 Qh4 15. Bxg4 Nxg4 16. 0-0 Bh2+ 17. Kh1 Bg3 18. fxg3 Nxg3+ 19. Kg1 Nxf1 20. Rxf1 Nxe3 21. Qf2 Qxd4 22. Nd1 Qxd1 0-1

[Event "NED-ch U21"]
[Site "Rotterdam"]
[Date "2014.05.03"]
[Round "8"]
[White "Sekandar, Kambiz"]
[Black "Maris, Ivo"]
[Result "0-1"]
[WhiteElo "2095"]
[BlackElo "2143"]
[PlyCount "82"]
[EventDate "2014.04.26"]
[EventType "swiss"]
[EventRounds "9"]
[EventCountry "NED"]
[SourceTitle "EXT 2016"]
[Source "ChessBase"]
[SourceDate "2015.10.08"]
[SourceVersion "1"]
[SourceVersionDate "2015.10.08"]
[SourceQuality "1"]

1. e4 d6 2. d4 Nf6 3. Nc3 Nbd7 4. Nf3 e5 5. g4 Nxg4 6. Rg1 Ngf6 7. Bc4 h6 8. Qd3 c6 9. dxe5 dxe5 10. Be3 b5 11. Bb3 Qa5 12. 0-0-0 Ba6 13. Ne2 c5 14. c4 Qb4 15. Qc2 bxc4 16. Ba4 Bb5 17. Bxb5 Qxb5 18. Nc3 Qa6 19. Nd5 Nxd5 20. Rxd5 f6 21. Qc3 Nb6 22. Rxe5+ fxe5 23. Qxe5+ Kd7 24. Rg6 Re8 25. Qf5+ Kc7 26. Bf4+ Kb7 27. Rxb6+ Kxb6 28. Qg6+ Bd6 29. Qxd6+ Kb7 30. Qc7+ Ka8 31. Ne5 Qb7 32. Qxc5 Rc8 33. Qe3 Rhd8 34. f3 Qb6 35. Kc2 Qb4 36. Qc3 Qa4+ 37. Kb1 Rd1+ 38. Bc1 Rcd8 39. Qc2 Qxc2+ 40. Kxc2 Rf1 41. Bf4 Rf8 0-1

[Event "NED-ch U21"]
[Site "Rotterdam"]
[Date "2014.05.02"]
[Round "7"]
[White "Osinga, Angelique"]
[Black "Sekandar, Kambiz"]
[Result "0-1"]
[WhiteElo "1858"]
[BlackElo "2095"]
[PlyCount "90"]
[EventDate "2014.04.26"]
[EventType "swiss"]
[EventRounds "9"]
[EventCountry "NED"]
[SourceTitle "EXT 2016"]
[Source "ChessBase"]
[SourceDate "2015.10.08"]
[SourceVersion "1"]
[SourceVersionDate "2015.10.08"]
[SourceQuality "1"]

1. e4 c6 2. d4 d5 3. Nc3 dxe4 4. Nxe4 Bf5 5. Ng3 Bg6 6. h4 h6 7. Nf3 Nd7 8. Bd3 Bxd3 9. Qxd3 e6 10. Bf4 Qa5+ 11. c3 Ngf6 12. 0-0 Be7 13. Rfe1 0-0 14. Nf5 Qd8 15. Nxe7+ Qxe7 16. Ne5 Rad8 17. Qg3 Nh5 18. Qg4 Ndf6 19. Qf3 Nxf4 20. Qxf4 Rd5 21. Rad1 Rfd8 22. Rd2 Nd7 23. Nf3 Nb6 24. b3 Nc8 25. c4 R5d7 26. Ne5 Rd6 27. Red1 Qe8 28. g4 Ne7 29. Qe3 f6 30. Nf3 f5 31. gxf5 Nxf5 32. Qf4 Qg6+ 33. Kh2 Qf6 34. Qe4 R6d7 35. Kg2 Rf7 36. Rd3 Rdf8 37. R1d2 Nd6 38. Qg4 Qe7 39. Re2 Rf6 40. d5 cxd5 41. cxd5 Nf5 42. Re5 Qf7 43. dxe6 Rxe6 44. Rxe6 Qxe6 45. Nd4 Ne3+ 0-1

[Event "NED-ch U21"]
[Site "Rotterdam"]
[Date "2014.04.27"]
[Round "2"]
[White "Sekandar, Kambiz"]
[Black "Lentjes, Noud"]
[Result "1/2-1/2"]
[WhiteElo "2095"]
[BlackElo "2050"]
[PlyCount "107"]
[EventDate "2014.04.26"]
[EventType "swiss"]
[EventRounds "9"]
[EventCountry "NED"]
[SourceTitle "EXT 2016"]
[Source "ChessBase"]
[SourceDate "2015.10.08"]
[SourceVersion "1"]
[SourceVersionDate "2015.10.08"]
[SourceQuality "1"]

1. e4 c5 2. c3 Nf6 3. e5 Nd5 4. Nf3 e6 5. d4 cxd4 6. cxd4 d6 7. Bc4 Be7 8. 0-0 0-0 9. Bd2 b6 10. Qe2 Bb7 11. Nc3 Nxc3 12. Bxc3 dxe5 13. dxe5 Nd7 14. Nd4 Qc7 15. f4 Bc5 16. Rad1 g6 17. Kh1 Bxd4 18. Rxd4 Nc5 19. b4 Na4 20. Ba1 Rad8 21. Rfd1 Rxd4 22. Rxd4 a6 23. Bb3 b5 24. Rd6 Qc1+ 25. Rd1 Qxf4 26. Bd4 Rc8 27. Qf2 Qxf2 28. Bxf2 Nc3 29. Rc1 Ne4 30. Rxc8+ Bxc8 31. Bd4 Nd2 32. Bc2 Nc4 33. Be4 Kg7 34. g4 a5 35. bxa5 Nxa5 36. Bc3 Bb7 37. Bxa5 Bxe4+ 38. Kg1 f5 39. g5 Kf7 40. Kf2 f4 41. Bd2 f3 42. a3 Ke7 43. Bb4+ Kd7 44. h4 Kc6 45. Kg3 Kd5 46. Bd6 Kd4 47. Bc7 Bd5 48. Bd6 Ke4 49. Bc7 f2 50. Kxf2 Kf4 51. Bd6 Kg4 52. Ke3 Kxh4 53. Kf4 Kh5 54. Bf8 1/2-1/2

[Event "Vlissingen HZ op 17th"]
[Site "Vlissingen"]
[Date "2013.08.07"]
[Round "6"]
[White "Sekandar, Kambiz"]
[Black "Rijnaarts, Sjef"]
[Result "0-1"]
[WhiteElo "2059"]
[BlackElo "2354"]
[PlyCount "54"]
[EventDate "2013.08.03"]
[EventType "swiss"]
[EventRounds "9"]
[EventCountry "NED"]
[SourceTitle "CBM 155 Extra"]
[Source "ChessBase"]
[SourceDate "2013.08.26"]
[SourceVersion "1"]
[SourceVersionDate "2013.08.26"]
[SourceQuality "1"]

1. e4 c5 2. c3 d5 3. exd5 Qxd5 4. d4 Nf6 5. Nf3 e6 6. Be3 Be7 7. dxc5 Qxd1+ 8. Kxd1 0-0 9. Kc2 Nd5 10. b4 a5 11. Bc4 axb4 12. Bxd5 exd5 13. cxb4 Nc6 14. b5 Bf6 15. Nc3 Bf5+ 16. Kd2 d4 17. bxc6 dxc3+ 18. Ke2 bxc6 19. Nd4 Be4 20. a4 Rfb8 21. Rhc1 Rb2+ 22. Ke1 Rb4 23. Ne2 c2 24. Ra2 Bb2 25. Bd2 Raxa4 26. Bxb4 Rxa2 27. Nc3 Ra8 0-1